000 00550nam a2200229Ia 4500
003 OSt
005 20221005121337.0
006 a|||||r|||| 00| 0
007 ta
008 221004b |||||||| |||| 00| 0 ben d
024 _a27304
037 _cTextual
040 _aCRL
_cCRL
_bben
041 _2ben
_aben
082 _aY1:738v, 157L3
100 _aShripatha
_9630431
245 0 _aGypsir paye paye
260 _c1973
650 _aSOCIOLOGY
942 _hY1:738v, 157L3
_cTEXL
_2cc
999 _c1040844
_d1040844